[Event "GER-chT U20 Girls"]
[Site "Willingen"]
[Date "2021.06.25"]
[Round "3.6"]
[White "Falke, Ornella"]
[Black "Kampa, Lavinia"]
[Result "1-0"]
[WhiteElo "1566"]
[BlackElo "1436"]
[PlyCount "81"]
[EventDate "2021.06.23"]
[EventType "team-swiss"]
[EventRounds "7"]
[EventCountry "GER"]
[SourceTitle "CBM 203 Extra"]
[Source "ChessBase"]
[SourceDate "2021.09.30"]
[SourceVersion "1"]
[SourceVersionDate "2021.09.30"]
[SourceQuality "1"]
[WhiteTeam "Elmshorn"]
[BlackTeam "Lichtenberg Borussia II"]
[WhiteTeamCountry "GER"]
[BlackTeamCountry "GER"]

1. e4 e5 2. Nf3 Nf6 3. Nxe5 d6 4. Nf3 Nxe4 5. Nc3 Nxc3 6. dxc3 Bg4 7. Be3 Be7 8. h3 Bh5 9. Qd5 Bg6 10. Qxb7 Nd7 11. Bxa7 c5 12. Bb5 Bf5 13. a4 0-0 14. 0-0 Qc8 15. Qxc8 Rfxc8 16. Bxd7 Bxd7 17. Bb6 Rcb8 18. a5 Rb7 19. Nd2 Bc6 20. Rab1 Bg5 21. f4 Bf6 22. Nc4 Rd7 23. Rfd1 Be7 24. b4 Be4 25. Rd2 d5 26. Ne5 Rb7 27. Nd3 Bxd3 28. cxd3 d4 29. c4 cxb4 30. c5 Kf8 31. Rxb4 Rd7 32. Rc4 Rb7 33. Rdc2 Ke8 34. Rxd4 Bf6 35. Re2+ Re7 36. Rxe7+ Kxe7 37. Rc4 Kd7 38. c6+ Kc8 39. Re4 Bd4+ 40. Rxd4 Rxa5 41. Rd8# 1-0